Statystyki dla Miasta najbliżej Krakowa.

Kliknij tutaj aby rozwiązać quiz!

Ogólne statystyki

  • Ten quiz został rozwiązany 238 razy
  • Średni wynik to 5 z 10

Statystyki odpowiedzi

Odległość w kilometrachOdpowiedź% Poprawnych
12,2Wieliczka
96%
13,0Skawina
71%
25,7Myślenice
65%
20,0Niepołomice
64%
23,9Krzeszowice
47%
21,8Słomniki
33%
22,9Dobczyce
32%
19,5Skała
27%
14,5Świątniki Górne
25%
27,2Sułkowice
15%

Rozkład punktacji

Percentyl według liczby udzielonych odpowiedzi

Procent ludzi z każdym wynikiem

Twoja historia wyników

Nie rozwiązałeś tego quizu